College Football Sudden Death: BIG TEN - Statistics

General Stats
  • This quiz has been taken 174 times
  • The average score is 13 of 18
Answers on the Grid
Answers color-coded by a green-red scale on the quiz's grid according to % correct below.
Air Force
Akron
Alabama
Appalachian State
Arizona
Arizona State
Arkansas
Arkansas State
Army
Auburn
Ball State
Baylor
Boise State
Boston College
Bowling Green
Buffalo
BYU
California
Central Michigan
Charlotte
Cincinnati
Clemson
Coastal Carolina
Colorado
Colorado State
Duke
East Carolina
Eastern Michigan
Florida Atlantic
FIU
Florida
Florida State
Fresno State
Georgia
Georgia Southern
Georgia State
Georgia Tech
Hawaii
Houston
Illinois
Indiana
Iowa
Iowa State
Jacksonville State
James Madison
Kansas
Kansas State
Kennesaw State
Kent State
Kentucky
Liberty
Louisiana
Louisiana-Monroe
Louisiana Tech
Louisville
LSU
Marshall
Maryland
Memphis
Miami
Miami (OH)
Michigan
Michigan State
Middle Tennessee
Minnesota
Mississippi State
Missouri
Navy
NC State
Nebraska
Nevada
New Mexico
New Mexico State
North Carolina
North Texas
Northern Illinois
Northwestern
Notre Dame
Ohio
Ohio State
Oklahoma
Oklahoma State
Old Dominion
Ole Miss
Oregon
Oregon State
Penn State
Pittsburgh
Purdue
Rice
Rutgers
Sam Houston
San Diego State
San Jose State
SMU
South Alabama
South Carolina
South Florida
Southern Miss
Stanford
Syracuse
TCU
Temple
Tennessee
Texas
Texas A&M
Texas State
Texas Tech
Toledo
Troy
Tulane
Tulsa
UAB
UCF
UCLA
UConn
UMass
UNLV
USC
Utah
Utah State
UTEP
UTSA
Vanderbilt
Virginia
Virginia Tech
Wake Forest
Washington
Washington State
West Virginia
Western Kentucky
Western Michigan
Wisconsin
Wyoming
 
Answer Stats
Answer % Correct
Indiana
80%
Iowa
78%
Ohio State
77%
Oregon
76%
Penn State
76%
Rutgers
76%
Purdue
74%
Illinois
73%
Michigan
73%
Michigan State
72%
Minnesota
72%
Northwestern
70%
Wisconsin
70%
Maryland
69%
USC
69%
Nebraska
68%
UCLA
66%
Washington
61%
No matching quizzes found
Score Distribution
Percent of People with Each Score
Percentile by Number Answered
Your Score History
You have not taken this quiz